[Event "Astana Zhuldyzdary op-A"]
[Site "Astana"]
[Date "2023.07.16"]
[Round "8"]
[White "Smirnov, Mark1111"]
[Black "Doschanov, Zhaslan"]
[Result "0-1"]
[WhiteElo "1931"]
[BlackElo "2193"]
[PlyCount "98"]
[EventDate "2023.07.11"]
[EventType "swiss"]
[EventRounds "10"]
[EventCountry "KAZ"]
[SourceTitle "CBM 215 Extra"]
[Source "ChessBase"]
[SourceDate "2023.09.30"]
[SourceVersion "1"]
[SourceVersionDate "2023.09.30"]
[SourceQuality "1"]

1. e4 c5 2. Nf3 d6 3. d4 cxd4 4. Nxd4 Nf6 5. Nc3 Nc6 6. Bg5 e6 7. Qd2 a6 8. 0-0-0 Bd7 9. f3 Nxd4 10. Qxd4 h6 11. Bd2 h5 12. Kb1 Qc7 13. Bg5 Be7 14. f4 Qc5 15. Qxc5 dxc5 16. Bxf6 gxf6 17. Be2 Bd8 18. h4 Bc7 19. f5 Ke7 20. g4 hxg4 21. Bxg4 Rag8 22. fxe6 fxe6 23. Rdg1 Be5 24. h5 Bd4 25. Rg2 Bc6 26. Bf3 Rxg2 27. Bxg2 Rg8 28. Bf3 Rg3 29. Rf1 Rh3 30. Kc1 Kd6 31. Kd2 Ke5 32. a3 Rh2+ 33. Kd1 Be8 34. Ne2 Bxb2 35. Bg4 c4 36. Ng1 Kd6 37. Nf3 Rg2 38. h6 Bg6 39. Rg1 Rxg1+ 40. Nxg1 Bxa3 41. Nf3 Bb2 42. Nh4 Bh7 43. Bh5 Bxe4 44. Bf3 Bxf3+ 45. Nxf3 Ke7 46. c3 Kf7 47. Kc2 Ba3 48. Nd2 b5 49. Ne4 Be7 0-1

[Event "Pavlodar op"]
[Site "Pavlodar"]
[Date "2012.12.02"]
[Round "4"]
[White "Doschanov, Zhaslan"]
[Black "Gnusarev, Pavel"]
[Result "0-1"]
[WhiteElo "2233"]
[BlackElo "2381"]
[PlyCount "50"]
[EventDate "2012.11.30"]
[EventType "swiss"]
[EventRounds "10"]
[EventCountry "KAZ"]
[SourceTitle "EXT 2014"]
[Source "ChessBase"]
[SourceDate "2013.11.20"]
[SourceVersion "1"]
[SourceVersionDate "2013.11.20"]
[SourceQuality "1"]

1. d4 Nf6 2. c4 e6 3. g3 Bb4+ 4. Bd2 a5 5. Nc3 d5 6. Bg2 0-0 7. Nf3 dxc4 8. 0-0 Nd5 9. Ne5 Nb6 10. e3 f6 11. Nf3 Nc6 12. Qe2 e5 13. dxe5 Bf5 14. e4 Bg4 15. Be3 Nxe5 16. Rfd1 Qe8 17. h3 Bh5 18. g4 Bf7 19. Ne1 Qe7 20. f4 Ned7 21. Nb5 Nc5 22. Nc2 Nd3 23. Ncd4 g6 24. Kh1 Bc5 25. b3 c6 0-1